Catálogo
 En Linea

De aquí a la eternidad / (Registro nro. 38179)

Detalles MARC
000 -CABECERA
campo de control de longitud fija 00605nam a2200169 a 4500
001 - NÚMERO DE CONTROL
campo de control 000038689
005 - FECHA Y HORA DE LA ÚLTIMA TRANSACCIÓN
campo de control 20201002031333.0
008 - DATOS DE LONGITUD FIJA--INFORMACIÓN GENERAL
campo de control de longitud fija 130418s1987 ck 000 0 spa d
020 ## - NÚMERO INTERNACIONAL ESTÁNDAR DEL LIBRO
Número Internacional Estándar del Libro 0816399123
040 ## - FUENTE DE LA CATALOGACIÓN
Centro catalogador/agencia de origen DO-SdBNP
Lengua de catalogación spa
Centro/agencia transcriptor BNPHU
245 00 - MENCIÓN DE TÍTULO
Título De aquí a la eternidad /
Mención de responsabilidad, etc. traducción Fernando Chauij.
246 14 - FORMA VARIANTE DE TÍTULO
Título propio/Titulo breve De aquí a la eternidad :
Resto del título tras una crisis milenaria le aguarda a esta tierrra un gloriso futuro
260 ## - PUBLICACIÓN, DISTRIBUCIÓN, ETC.
Lugar de publicación, distribución, etc. Colombia :
Nombre del editor, distribuidor, etc. Asociación puublicadora Interamericana,
Fecha de publicación, distribución, etc. 1987.
300 ## - DESCRIPCIÓN FÍSICA
Extensión 449 p. ;
Dimensiones 250 cm.
534 ## - NOTA SOBRE LA VERSIÓN ORIGINAL
Encabezamiento principal del original From here to forever
Localización del original español
700 1# - PUNTO DE ACCESO ADICIONAL--NOMBRE DE PERSONA
Nombre de persona Chauij, Fernando
9 (RLIN) 65005
Existencias
Estado de retiro Estado de pérdida Restricciones de uso No para préstamo Código de colección Localización permanente Ubicación/localización actual Ubicación en estantería Fecha de adquisición Número de inventario Total de préstamos Signatura topográfica completa Código de barras Fecha visto por última vez Precio válido a partir de Tipo de ítem Koha
        Monografías: Libros y Folletos General General Orden iniciada 18.04.2013 LF1   38689-10 25.06.2020 25.06.2020 No se presta

Con tecnología Koha